000 00921cab a2200241 4500
001 X3777
008 090401t1996 xxu||||| |||| 00| 0 eng d
035 _a(Sirsi) u32727
041 _aeng
245 _aCheltenham & Gloucester plc v Krausz
260 _c1996
350 _a0
490 _aNew Property Cases
_v[1996] NPC 144, (3)
520 _aCA 22 October 1996. The County Court may not, as part of its inherant jurisdiction, suspend an order for possession in order to enable a mortgagor to apply to the High Court for an order under the Law of Property Act 1925 s91. (taken from heading) (NOTE:- NO PHOTOCOPYING ALLOWED).
650 _aCHELTENHAM AND GLOUCESTER PLC V KRAUSZ
650 _aCOUNTY COURT JURISDICTION
650 _aLAW OF PROPERTY ACT 1925 S91
650 _aMORTGAGES
650 _aPOSSESSION ORDERS
690 _aPROPERTY LAW AND PRACTICE-CASE LAW
942 _n0
948 _c04/03/1997
999 _c21877
_d21877